Kỹ thuật sửa chữa ôtô : Cơ bản

Nội dung sách giới thiệu những kiến thức cơ bản nhập môn về ngành sửa chữa và bảo dưỡng ô tô, nguyên lý hoạt động và cấu tạo tổng thể của động cơ, các hệ thống của động cơ ô tô.

Wedi'i Gadw mewn:
Manylion Llyfryddiaeth
Prif Awdur: Đức Huy
Fformat: Llyfr
Iaith:Undetermined
Cyhoeddwyd: Hà Nội Nxb. Bách khoa Hà Nội 2013
Pynciau:
Tagiau: Ychwanegu Tag
Dim Tagiau, Byddwch y cyntaf i dagio'r cofnod hwn!
Thư viện lưu trữ: Trung tâm Học liệu Trường Đại học Cần Thơ
LEADER 00965nam a2200241Ia 4500
001 CTU_203150
008 210402s9999 xx 000 0 und d
020 |c 85000 
082 |a 629.287 
082 |b Đ552 
100 |a Đức Huy 
245 0 |a Kỹ thuật sửa chữa ôtô : 
245 0 |b Cơ bản 
245 0 |c Đức Huy 
260 |a Hà Nội 
260 |b Nxb. Bách khoa Hà Nội 
260 |c 2013 
520 |a Nội dung sách giới thiệu những kiến thức cơ bản nhập môn về ngành sửa chữa và bảo dưỡng ô tô, nguyên lý hoạt động và cấu tạo tổng thể của động cơ, các hệ thống của động cơ ô tô. 
650 |a Ô tô,Automobile 
650 |x Bảo trì và sửa chữa,Maintenance and repair 
904 |i Tuyến 
910 |a Khoa 
980 |a Trung tâm Học liệu Trường Đại học Cần Thơ